Memorial and genealogical record of southwest Texas : containing biographical histories and genealogical records of many leading men and prominent families.

Bibliographic Details
Format: Book
Language:English
Published: Greenville, S.C. : Southern Historical Press, 1994.
Subjects:

MARC

Tag First Indicator Second Indicator Subfields
LEADER 00000cam a2200000 a 4500
001 in00001316921
005 20190207095637.0
008 941118r19941894scua 001 0ceng d
020 |a 0893081221 
035 |a (OCoLC)31483834 
035 |9 AHB4667AM 
040 |a IYU  |c IYU  |d TXA  |d UtOrBLW 
049 |a TXAM 
090 |a F385  |b .M35 1994 
245 0 0 |a Memorial and genealogical record of southwest Texas :  |b containing biographical histories and genealogical records of many leading men and prominent families. 
264 1 |a Greenville, S.C. :  |b Southern Historical Press,  |c 1994. 
300 |a 661 pages :  |b illustrations ;  |c 24 cm. 
336 |a text  |b txt  |2 rdacontent 
337 |a unmediated  |b n  |2 rdamedia 
338 |a volume  |b nc  |2 rdacarrier 
500 |a The Cushing Library/Chapman Texas Collection copy is part of the Floyd & Louise Chapman Texas & Borderlands Collection.  |5 TXA 
500 |a Reprint of the 1894 edition published by Goodspeed, Chicago. 
500 |a Includes index. 
536 |a Acquired through the generosity of the Clovis Brakebill endowment. 
651 0 |a Texas  |v Biography. 
651 0 |a Texas  |v Genealogy. 
651 0 |a Texas  |x History  |v Miscellanea. 
999 |a MARS 
999 f f |s e8716dda-7b3d-36f5-b88a-0d68c033affc  |i bbc3ea74-829c-33ff-8405-a02f7687cc84  |t 0 
952 f f |p noncirc  |a Texas A&M University  |b College Station  |c Cushing Memorial Library & Archives  |d Cushing: Chapman Texas Collection (Does not check out)  |t 0  |e F385 .M35 1994  |h Library of Congress classification  |i unmediated -- volume 
998 f f |a F385 .M35 1994  |t 0  |l Cushing: Chapman Texas Collection (Does not check out)